000
00277 a2200109 4500
001
63323
082
_a
621.3848 KOM
090
_c
37368
_d
37368
100
_a
Komarov,Lgor.V.
245
_a
Fundamentals of short-Range FM Radar
260
_a
Boston
_b
Artech House, Boston
_c
2003
942
_a
NUST-CAE
_k
621.3848 KOM
999
_c
298396
_d
298396